100 Años de la Radio en Chile (1922-2022).

সংরক্ষণ করুন:
গ্রন্থ-পঞ্জীর বিবরন
অন্যান্য লেখক: Rodríguez Ortiz, Raúl (Editor)
বিন্যাস: অজ্ঞাত
ভাষা:ইংরেজি
প্রকাশিত: Santiago, Chile: LOM Ediciones; Facultad de Comunicación e Imagen; Universidad de Chile, 2022.
সংস্করন:Primera edición.
বিষয়গুলি:
ট্যাগগুলো: ট্যাগ যুক্ত করুন
কোনো ট্যাগ নেই, প্রথমজন হিসাবে ট্যাগ করুন!

MARC

LEADER 00000 a2200000 4500
003 CL-VaPUC
005 20230912173901.0
008 230905t2022 ||||| |||| 00| 0 eng d
999 |c 441562  |d 441560 
020 |a 978-956-00-1601-0 
040 |c Pontificia Universidad Católica de Valparaíso 
082 |2 22  |a 384.540983 ROD 2022 
100 |a Rodríguez Ortiz, Raúl   |9 884128  |e editor 
245 |a 100 Años de la Radio en Chile (1922-2022). 
250 |a Primera edición.  
260 |a Santiago, Chile:   |b LOM Ediciones;   |b Facultad de Comunicación e Imagen;   |b Universidad de Chile,   |c 2022.  
300 |a 329 páginas.  
500 |a c. 3-6 Donación Escuela Periodismo 
583 |k GC  |c 20230905 
650 0 |9 260680  |a Radio  |v Historia   |y Siglos 20-21  |z Chile  
650 0 |9 308795  |a Radiodifusión  |x Radios comunitarias, universitarias, radioteatros, etc.  |v Aspectos históricos   |z Chile  
942 |2 ddc  |c BK 
952 |0 0  |1 0  |2 ddc  |4 0  |6 384_540983000000000_ROD_2022  |7 0  |8 A  |9 591403  |a BIBCUR  |b BIBCUR  |c GEN  |d 2023-09-01  |e 13  |g 19680.00  |i 5658532  |l 2  |o 384.540983 ROD 2022  |p 5658532  |r 2025-04-22  |s 2024-07-23  |t 1  |v 19680.00  |w 2023-09-01  |y BK  |k PER 
952 |0 0  |1 0  |2 ddc  |4 0  |6 384_540983000000000_ROD_2022  |7 0  |8 A  |9 591404  |a BIBCUR  |b BIBCUR  |c GEN  |d 2023-09-01  |e 13  |g 19680.00  |i 5658533  |l 3  |o 384.540983 ROD 2022  |p 5658533  |r 2025-04-22  |s 2024-10-18  |t 2  |v 19680.00  |w 2023-09-01  |y BK  |k PER 
952 |0 0  |1 0  |2 ddc  |4 0  |6 384_540983000000000_ROD_2022  |7 0  |8 A  |9 591494  |a BIBCUR  |b BIBCUR  |c GEN  |d 2023-09-11  |e Donación  |i 5658620  |l 1  |o 384.540983 ROD 2022  |p 5658620  |r 2025-04-22  |s 2023-10-12  |t 3  |w 2023-09-11  |y BK  |k PER 
952 |0 0  |1 0  |2 ddc  |4 0  |6 384_540983000000000_ROD_2022  |7 0  |8 A  |9 591495  |a BIBCUR  |b BIBCUR  |c GEN  |d 2023-09-11  |e Donación  |i 5658621  |o 384.540983 ROD 2022  |p 5658621  |r 2025-04-22  |t 4  |w 2023-09-11  |y BK  |k PER 
952 |0 0  |1 0  |2 ddc  |4 0  |6 384_540983000000000_ROD_2022  |7 0  |8 A  |9 591496  |a BIBCUR  |b BIBCUR  |c GEN  |d 2023-09-11  |e Donación  |i 5658622  |o 384.540983 ROD 2022  |p 5658622  |r 2025-04-22  |t 5  |w 2023-09-11  |y BK  |k PER 
952 |0 0  |1 0  |2 ddc  |4 0  |6 384_540983000000000_ROD_2022  |7 0  |8 A  |9 591497  |a BIBCUR  |b BIBCUR  |c GEN  |d 2023-09-11  |e Donación  |i 5658623  |l 1  |o 384.540983 ROD 2022  |p 5658623  |r 2025-04-22  |s 2024-08-14  |t 6  |w 2023-09-11  |y BK  |k PER